LIBRARY & INFORMATION CENTRE, KCAET, TAVANUR

ONLINE PUBLIC ACCESS CATALOGUE (OPAC)

Practical Centrifugal Pumps; Design, Operation and Maintenance (Record no. 14585)

MARC details
000 -LEADER
fixed length control field 00389nam a22001457a 4500
020 ## - INTERNATIONAL STANDARD BOOK NUMBER
ISBN 0750662735
082 ## - DEWEY DECIMAL CLASSIFICATION NUMBER
Classification number 621.67
Item number PAR/PR
100 ## - MAIN ENTRY--AUTHOR NAME
Personal name Paresh, Girdhar
100 ## - MAIN ENTRY--AUTHOR NAME
Personal name Moniz,Octo
245 ## - TITLE STATEMENT
Title Practical Centrifugal Pumps; Design, Operation and Maintenance
260 ## - PUBLICATION, DISTRIBUTION, ETC. (IMPRINT)
Place of publication Amsterdam
Name of publisher Newnes - Elsevier
Year of publication 2005
300 ## - PHYSICAL DESCRIPTION
Number of Pages 250
700 ## - ADDED ENTRY--PERSONAL NAME
Personal name Mackay, Steve
942 ## - ADDED ENTRY ELEMENTS (KOHA)
Koha item type Books
Holdings
Withdrawn status Lost status Damaged status Collection code Home library Current library Shelving location Date acquired Source of acquisition Cost, normal purchase price Full call number Accession Number Koha item type
        KAUAET KAUAET General Stacks 18/07/2016 Ganesh Book Centre 4385.23 621.67 PAR/PR 24874 Books
free website counter